| 000 | 00469nam a22001697a 4500 | ||
|---|---|---|---|
| 003 | CEME | ||
| 005 | 20210628202411.0 | ||
| 008 | 210302b xxu||||| |||| 00| 0 eng d | ||
| 040 | _c. | ||
| 082 | _a297.7 LUD | ||
| 100 |
_aLudhayanvey, Muhammad Yousaf Moulana Muhammad Yousaf Ludhayanvey _959764 |
||
| 245 | _aAap kay misayal aur un ka haal | ||
| 250 | _a9 VOLS | ||
| 260 |
_aKARACHI _bMAKTABA LUDHAYNEVEY _c1995 |
||
| 650 |
_aISLAM-FIQAH. _959765 |
||
| 942 |
_cBK _2ddc |
||
| 999 |
_c569661 _d569661 |
||